| 000 | 00405nam a2200145Ia 4500 | ||
|---|---|---|---|
| 008 | 151213s9999 xx 000 0 und d | ||
| 100 | _aViginia A.Arnold,Carl B.Smith | ||
| 245 |
_aBit by Bit _cViginia A.Arnold,Carl B.Smith |
||
| 260 |
_aNew York _bMacmillan _c1989 |
||
| 300 | _a2970 p. | ||
| 650 | _aComputer | ||
| 650 | _aMicro Computer | ||
| 700 | _aViginia A.Arnold,Carl B.Smith | ||
| 999 |
_c2057 _d2057 |
||